000 01464nas a2200301 454500
001 45125
005 20260407193511.0
008 260407s1976####ag###########|||spa#d
003 AR-UNSa-BCEJYS
040 _aAR-UNSa-BCEJYS
_bspa
_cAR-UNSa-BCEJYS
080 _a330.34
_xDesarrollo Económico
245 1 0 _aRevista Cepal
022 _a0252-0257
264 1 _aSantiago de Chile :
_bCEPAL (Comisión Económica para América Latina y el Caribe)
_c1976
310 _aFrecuencia: Cuatrimestral
520 _aEl objetivo de la Revista es contribuir al examen de los problemas del desarrollo socioeconómico de la región, con enfoques analíticos y de políticas, en artículos de expertos en economía y otras ciencias sociales, tanto de Naciones Unidas como de fuera de ella. Por consiguiente, la Dirección de la Revista extiende una invitación permanente a someter para publicación artículos que analicen diversos aspectos del desarrollo económico y social de América Latina y el Caribe.
041 _aspa
942 _cSER
590 _aniveau_biblio:s niveau_hierar:1
100 1 _aNaciones Unidas. Comisión Económica para América Latina y el Caribe (CEPAL)
700 1 _aTorres, Miguel
650 _aAmérica Latina
650 _aCaribe
650 _aCiencias sociales
650 _aAnálisis socioeconómico
650 _aECONOMIA
856 4 1 _uhttps://www.biblioeco.unsa.edu.ar/pmb/images/revistas/R21711.jpg
_yImagen de portada
_qimage/jpeg
999 _c8933
_d8933